European Community Economics <A> Modern Introduction

Salvato in:
Dettagli Bibliografici
Autore principale: Hitiris, T.
Natura: Libro
Lingua:inglese
Pubblicazione: New York Harvester 1988
Edizione:1. ed.
Tags: Aggiungi Tag
Nessun Tag, puoi essere il primo ad aggiungerne!!

MARC

LEADER 00000nam a2200000 4500
001 c029772
005 20250512073628.7
041 0 |a eng 
044 |a US 
245 1 0 |a European Community Economics  |b <A> Modern Introduction  |c T. Hitiris 
250 |a 1. ed. 
264 1 |a New York  |b Harvester  |c 1988 
300 |a 264 s. 
100 1 |a Hitiris, T.